TV Characters in Most Episodes Quiz Stats

Quiz Updated Oct 14, 2016

Challenge
Share
Tweet
Embed
Score 0/100 Timer 20:00
0 Plays Today
TV Show Character % Correct
SeinfeldJerry Seinfeld
89.8%
SeinfeldGeorge Costanza
81.8%
SeinfeldCosmo Kramer
81.1%
NewhartGeorge Utley
80.6%
SeinfeldElaine Benes
79.4%
Boy Meets WorldGeorge Feeny
74.6%
CheersSam Malone
73.8%
Sex and the CityCarrie Bradshaw
63.2%
King of QueensCarrie Heffernan
62.6%
Star TrekMr. Spock
58.1%
Star TrekCaptain James T. Kirk
58.1%
The Drew Carey ShowDrew Carey
57.8%
CheersHillary Norman Peterson
56%
CheersCarla Maria Victoria Angelina Teresa Apollonia Lozupone Tortelli LeBec
54.7%
24Jack Bauer
50.8%
Sex and the CitySamantha Jones
50.2%
ScrubsDr. John 'J.D.' Dorian
48.6%
NewhartDick Loudon
45.9%
ScrubsDr. Christopher Turk
44.6%
M*A*S*HCaptain Benjamin Franklin 'Hawkeye' Pierce
42.4%
CheersCliff Clavin
41.8%
Sex and the CityMiranda Hobbes
38.9%
ScrubsDr. Elliot Reid
38.6%
CheersDr. Frasier Crane
38.5%
Boy Meets WorldTopanga Lawrence Matthews
36.3%
Boy Meets WorldCory Matthews
36%
Sex and the CityCharlotte York
35.9%
King of QueensDoug Heffernan
34.4%
ScrubsDr. Perry Cox
33.8%
E.R.Dr. John Carter
33.6%
Star TrekMontgomery Scott
32.7%
M*A*S*HMajor Margaret 'Hot Lips' Houlihan
30.9%
L.A. LawDouglas Brackman, Jr.
30.9%
Star TrekDr. Leonard McCoy
28.9%
TV Show Character % Correct
Mad About YouPaul Buchman
28.6%
Boy Meets WorldShawn Hunter
28.1%
Miami ViceDetective James Crockett
27.7%
M*A*S*HFather John Patrick Francis Mulcahy
27.5%
The Dick Van Dyke ShowRobert 'Rob' Petrie
26.2%
M*A*S*HColonel Sherman Tecumseh Potter or Corporal Walter Eugene 'Radar' O'Reilly
25.8%
Boy Meets WorldEric Matthews
25.3%
Mad About YouFran Devanow
24.9%
GunsmokeMarshal Matt Dillon
22.9%
ScrubsDr. Bob Kelso
22.4%
The Drew Carey ShowMimi Bobeck Carey
21.9%
M*A*S*HCorporal Maxwell Q Klinger
21.9%
The Dick Van Dyke ShowLaura Petrie
20.6%
The West WingPresident Josiah 'Jed' Bartlet
19.8%
Star TrekNyota Uhura
19%
WingsHelen Chapel
18.3%
Miami ViceDetective Ricardo Tubbs
18.2%
Sex and the CitySteve Brady
17.1%
24President David Palmer
17%
King of QueensArthur Spooner
16.5%
WingsJoe Montgomery Hackett
16.3%
24Chloe O'Brian
15.6%
Mad About YouJamie Buchman
15.5%
King of QueensDeacon Palmer
15%
The West WingJosh Lyman
14.9%
NewhartMichael Harris
13.8%
24Tony Almeida
13.6%
The West WingLeo McGarry
13.5%
The West WingClaudia Jean 'C.J.' Cregg
13.1%
JAGLt. Col. Sarah 'Mac' MacKenzie
11.6%
GunsmokeKitty Russell
11.6%
The Drew Carey ShowNigel Wick or Kate O'Brien
11.3%
The Dick Van Dyke ShowSally Rogers
11.3%
WingsBrian Michael Hackett
10.9%
TV Show Character % Correct
The Drew Carey ShowOswald Lee Harvey
10.8%
JAGLt. Bud Roberts, Jr.
10.7%
24Kim Bauer
10.6%
GunsmokeDr. Galen 'Doc' Adams
9%
The West WingDonna Moss
8.9%
E.R.Dr. Abby Lockhart
8.9%
The Drew Carey ShowLewis Kiniski
8.5%
The Dick Van Dyke ShowMaurice B. 'Buddy' Sorrell
8.4%
The Dick Van Dyke ShowMelvin 'Mel' Cooley
8.2%
GunsmokeFestus Haggen
8%
E.R.Dr. Kerry Weaver
7.8%
King of QueensSpence Olchin
7.5%
L.A. LawAnn Kelsey
7.4%
Mad About YouIra Buchman
6.9%
Miami ViceDetective Stan Switek
6.5%
Mad About YouMurray
6.5%
NewhartStephanie Vanderkellen
6.2%
WingsRoy Biggins
5.7%
L.A. LawArnie Becker
5.5%
NewhartJoanna Loudon
5.2%
JAGCmdr. Harmon 'Harm' Rabb, Jr.
5%
JAGP.O. Jason Tiner
4.1%
SeinfeldRuthie Cohen
4%
WingsFay Evelyn Schlob Dumbly DeVay Cochran
3.9%
GunsmokeChester Goode
3.7%
JAGAdm. Albert Jethro 'A.J.' Chegwidden
2.7%
L.A. LawStuart Markowitz
2.3%
L.A. LawLeland McKenzie
2.1%
Miami ViceDetective Gina Calabrese
1.8%
E.R.Malik McGrath
1.7%
E.R.Chuny Marquez
1.7%
Miami ViceDetective Trudy Joplin
1.2%

You're not logged in!

Compare scores with friends on all Sporcle quizzes.
Sign Up with Email
OR
Log In

You Might Also Like...

Show Comments

Extras

Top Quizzes Today


Score Distribution

Your Account Isn't Verified!

In order to create a playlist on Sporcle, you need to verify the email address you used during registration. Go to your Sporcle Settings to finish the process.